01403nam a2200373 a 4500001001100000003000800011006001900019007001500038008004100053010001700094015001500111016001900126020001500145020003500160040002100195035002000216050002400236082001500260245010600275260003700381300003300418490004600451504005100497533015200548650001100700650002500711655002900736700002700765700002900792710001700821830004700838856012500885999001901010ebr2004496CaPaEBRm u cr cn|||||||||011001s2000 enkab sb 001 0 eng  z 99059427  aGBA0-476997 a03338003972Uk z0333800397 z0312231989(St. Martin's Press) aCaPaEBRcCaPaEBR a(OCoLC)7073856414aJZ5597b.M36 2000eb04a303.6922104aThe management of peace processesh[electronic resource] /cedited by John Darby and Roger Mac Ginty. aBasingstoke :bMacmillan,c2000. axiii, 276 p. :bill., 1 map.1 aEthnic and intercommunity conflict series aIncludes bibliographical references and index. aElectronic reproduction.bPalo Alto, Calif. :cebrary,d2013.nAvailable via World Wide Web.nAccess may be limited to ebrary affiliated libraries. 0aPeace. 0aConflict management. 7aElectronic books.2local1 aDarby, Johnq(John P.)1 aMac Ginty, Roger,d1970-2 aebrary, Inc. 0aEthnic and intercommunity conflict series.40uhttp://site.ebrary.com/lib/rucke/Doc?id=2004496zAn electronic book accessible through the World Wide Web; click to view c225976d225976